Physical processes in earth and environmental sciences (Record no. 1215823)

MARC details
000 -LEADER
fixed length control field 00964nam a2200289Ia 4500
003 - CONTROL NUMBER IDENTIFIER
control field OSt
005 - DATE AND TIME OF LATEST TRANSACTION
control field 20221007125804.0
008 - FIXED-LENGTH DATA ELEMENTS--GENERAL INFORMATION
fixed length control field 221006b |||||||| |||| 00| 0 eng d
020 ## - INTERNATIONAL STANDARD BOOK NUMBER
International Standard Book Number 1405101733 (pbk)
037 ## - SOURCE OF ACQUISITION
Terms of availability Textbook
040 ## - CATALOGING SOURCE
Original cataloging agency DGL
Transcribing agency DGL
Language of cataloging eng
041 ## - LANGUAGE CODE
Source of code eng
Language code of text/sound track or separate title eng
100 ## - MAIN ENTRY--PERSONAL NAME
Personal name Leeder Mike R
9 (RLIN) 722467
245 #0 - TITLE STATEMENT
Title Physical processes in earth and environmental sciences
260 ## - PUBLICATION, DISTRIBUTION, ETC.
Place of publication, distribution, etc. Australia
Name of publisher, distributor, etc. Blackwell Publishing
Date of publication, distribution, etc. 2006
300 ## - PHYSICAL DESCRIPTION
Extent xi,321p.
Dimensions cm.
500 ## - GENERAL NOTE
General note Appendices 293-297p; Index 319-321p
650 ## - SUBJECT ADDED ENTRY--TOPICAL TERM
Topical term or geographic name entry element Earth sciences-Mathematics
9 (RLIN) 722468
650 ## - SUBJECT ADDED ENTRY--TOPICAL TERM
Topical term or geographic name entry element Geodynamics
9 (RLIN) 722469
650 ## - SUBJECT ADDED ENTRY--TOPICAL TERM
Topical term or geographic name entry element Geology
700 ## - ADDED ENTRY--PERSONAL NAME
Personal name Perez-Arlucea Marta
9 (RLIN) 722470
942 ## - ADDED ENTRY ELEMENTS (KOHA)
Classification part H4, P6 Carg
Koha item type Textbook
Source of classification or shelving scheme Colon Classification (CC)
Holdings
Withdrawn status Lost status Source of classification or shelving scheme Damaged status Not for loan Home library Current library Date acquired Source of acquisition Total Checkouts Full call number Barcode Date last seen Price effective from Koha item type
    Colon Classification (CC)     Department of Geology Library Department of Geology Library 2022-10-07 1883, 28/03/2007, Unilib Book Distributors   H4 P6 Carg SL0G00020 2022-10-07 2022-10-07 Textbook
Copyright @ Delhi University Library System